[Event "World Amateur-ch"]
[Site "Neos Marmaras"]
[Date "2012.04.22"]
[Round "9"]
[White "Pertaia, Enver"]
[Black "Ersoz, Bartu"]
[Result "1/2-1/2"]
[WhiteElo "1954"]
[BlackElo "1936"]
[PlyCount "76"]
[EventDate "2012.04.16"]
[EventType "swiss"]
[EventRounds "9"]
[EventCountry "GRE"]
[SourceTitle "CBM 148 Extra"]
[Source "ChessBase"]
[SourceDate "2012.06.22"]
[SourceVersion "1"]
[SourceVersionDate "2012.06.22"]
[SourceQuality "1"]

1. d4 d5 2. Nf3 Nf6 3. c4 e6 4. Nc3 Be7 5. Bf4 0-0 6. e3 c5 7. dxc5 Bxc5 8. Qc2 Nc6 9. Rd1 Qe7 10. cxd5 Nb4 11. Qb3 Nbxd5 12. Be5 Nxc3 13. bxc3 Nd7 14. Bg3 Nf6 15. Bd3 b6 16. 0-0 Bb7 17. Bh4 e5 18. Bf5 Rfd8 19. Ng5 Qe8 20. Nxf7 Bd5 21. Rxd5 Rxd5 22. Nh6+ gxh6 23. Bxf6 Qf7 24. Be4 Rad8 25. c4 Rd3 26. Bxd3 Qxf6 27. Qc2 Qg7 28. Be4 Kh8 29. a4 a5 30. Bd5 Rf8 31. Qe4 Qg5 32. h4 Qg7 33. g3 Qf6 34. Kg2 Qg7 35. g4 Qf6 36. f3 Re8 37. Kg3 Be7 38. Kg2 Bc5 1/2-1/2